The Molecular biology of animal viruses /

Bibliographic Details
Other Authors: Nayak, Debi Prosad
Format: Book
Language:English
Published: New York : M. Dekker, [1977-]
Subjects:

MARC

Tag First Indicator Second Indicator Subfields
LEADER 00000cam a2200000 i 4500
001 in00000082932
005 20151008054256.0
008 770324m19771978nyua b 00000 eng
010 |a  76029295  
020 |a 0824765338 (v. 1) 
035 |a (OCoLC)02986117 
035 |9 AAJ0173AM 
040 |a DLC  |c DLC  |d MQM  |d OCL  |d TXA  |d UtOrBLW 
049 |a TXAM  |v 1 [1109746]  |v 2 [1501024] 
050 0 0 |a QR360  |b .M55 
060 0 |a QW 164 M716 1977 
082 0 |a 576/.6484 
245 0 4 |a The Molecular biology of animal viruses /  |c edited by Debi Prosad Nayak. 
264 1 |a New York :  |b M. Dekker,  |c [1977-] 
264 4 |c ©1977- 
300 |a  volumes :  |b illustrations ;  |c 24 cm. 
336 |a text  |b txt  |2 rdacontent 
337 |a unmediated  |b n  |2 rdamedia 
338 |a volume  |b nc  |2 rdacarrier 
500 |a Includes index. 
650 0 |a Viruses. 
650 0 |a Molecular biology. 
650 2 |a Molecular Biology. 
650 2 |a Vertebrate Viruses. 
700 1 |a Nayak, Debi Prosad. 
999 |a MARS 
999 f f |s f8dff5fb-13ea-32c5-91c3-01d4c0addd69  |i e89ae67a-3e12-3e76-85ce-4d949bb5d567  |t 0 
952 f f |p ric  |a Texas A&M University  |b Rellis Campus  |c Joint Library Facility  |d Remote Storage  |t 0  |e QR360 .M55  |h Library of Congress classification  |i unmediated -- volume  |k v.1  |m A14806226546 
952 f f |p ric  |a Texas A&M University  |b Rellis Campus  |c Joint Library Facility  |d Remote Storage  |t 0  |e QR360 .M55  |h Library of Congress classification  |i unmediated -- volume  |k v.2  |m A14806226554 
998 f f |a QR360 .M55  |s v.1-v.2  |t 0  |l Remote Storage